World Currencies That Start With S - Statistics

General Stats
  • This quiz has been taken 53 times
  • The average score is 4 of 5
Answer Stats
Country Currency % Correct
Kenya and 3 more Shilling
98%
Peru Sol
93%
Israel Shekel
88%
Kyrgyzstan Som
81%
Tajikistan Somoni
72%
No matching quizzes found
Score Distribution
Percent of People with Each Score
Percentile by Number Answered
Your Score History
You have not taken this quiz